skbl

Dr Suryya Kumar Bhuyan Library Web-OPAC
ডঃ সূৰ্য্য
কুমাৰ ভূঞা পুথিভঁৰাল ৱেব-অ'পেক

All Research Scholars are advised to clear the annual library fees to continue using Library Resources, Remote Access, Plagiarism Test and Library Clearance.

Cotton University Book Fair 2026

Bhabha :The Location of Culture (Record no. 57185)

MARC details
000 -LEADER
fixed length control field 00533nam a2200193Ia 4500
001 - CONTROL NUMBER
control field 57272
008 - FIXED-LENGTH DATA ELEMENTS--GENERAL INFORMATION
fixed length control field 131228n ii |||gr||||Z||||||465
020 ## - INTERNATIONAL STANDARD BOOK NUMBER
International Standard Book Number 978-0-415-33639-0
082 ## - DEWEY DECIMAL CLASSIFICATION NUMBER
Classification number 809.933
245 #0 - TITLE STATEMENT
Title Bhabha :The Location of Culture
Statement of responsibility, etc. Homi K
Medium Textual Documents
250 ## - EDITION STATEMENT
Edition statement First--1994.
260 ## - PUBLICATION, DISTRIBUTION, ETC.
Place of publication, distribution, etc. London &New York
Name of publisher, distributor, etc. Routledge Publishers
300 ## - PHYSICAL DESCRIPTION
Extent 408pg:
Other physical details index;
Dimensions 22cm.
653 ## - INDEX TERM--UNCONTROLLED
Uncontrolled term English
653 ## - INDEX TERM--UNCONTROLLED
Uncontrolled term English Literature
653 ## - INDEX TERM--UNCONTROLLED
Uncontrolled term Bhabha The Location Of Culture
700 ## - ADDED ENTRY--PERSONAL NAME
Personal name K,Homi.
942 ## - ADDED ENTRY ELEMENTS (KOHA)
Source of classification or shelving scheme Dewey Decimal Classification
Koha item type Books
Holdings
Withdrawn status Lost status Damaged status Not for loan Collection Home library Current library Shelving location Date acquired Coded location qualifier Cost, normal purchase price Total checkouts Full call number Barcode Date last seen Copy number Price effective from Koha item type
          Dr. Suryya Kumar Bhuyan Library Dr. Suryya Kumar Bhuyan Library   28/12/2013 00000 425.00   809.933 Bh 469 Lo 840/Eng 14/01/2024 1 28/12/2013 Books

Designed and Maintained by Team SKBL
©1901-2026

Powered by Koha